000 01264nam0a2200325 4500
001 RU\NLR\bibl\908593
005 20260405124203.0
010 _a5-7107-8615-2
_92000
021 _aRU
_b2005-79086
_93903
035 _a(NLR Aleph) 000896955
090 _a1753574
_c1753574
100 _a20060217d2005 |||y0rusy50 ca
101 0 _arus
_afre
102 _aRU
105 _aa |||||||||
200 1 _aФранция, которую я люблю
_dFrance que j'aime
_e10-11 классы
_eучебное пособие
_fО.М. Козаренко
_zfre
210 _aМосква
_cДрофа
_d2005
215 _a107, [1] с.
_cил.
_d21
225 1 _aЭлективные курсы
225 1 _aПрофильное обучение
510 1 _aFrance que j'aime
_zfre
606 1 _aФранцузский язык
_jУчебные издания для специализированных учебных заведений
_91524672
_3RU\NLR\auth\66964829
686 _aШ147.11-93рус221[10/11]
700 1 _4070
_8rus
_7ca
_aКозаренко
_bО. М.
_gОльга Михайловна
_3RU\NLR\auth\7749690
_932625
801 0 _aRU
_bNLR
_c20060217
_grcr
801 1 _aRU
_bNLR
_c20060217
830 _aпо кн
942 _cBOOK
980 _aNB